书目信息 |
| 题名: |
第四国际
|
|
| 作者: | 皮埃尔·弗朗克 著 ;刘宏谊 译 | |
| 分册: | ||
| 出版信息: | 北京 商务印书馆 1981.10 |
|
| 页数: | 164页 | |
| 开本: | 20cm | |
| 丛书名: | ||
| 单 册: | ||
| 中图分类: | D16 | |
| 科图分类: | ||
| 主题词: | 国际共产主义运动 | |
| 电子资源: | ||
| ISBN: | ||
| 000 | 00631nam0 2200229 45 | |
| 001 | 0303060921 | |
| 005 | 20031219104106.3 | |
| 010 | @dCNY0.70 | |
| 091 | @a3017.280 | |
| 100 | @a20030306d1981 km y0chiy0120 ea | |
| 101 | 0 | @achi@cfre |
| 105 | @a z 000yy | |
| 200 | 1 | @a第四国际@ADi Si Guo Ji@f(法)皮埃尔·弗朗克著@F(Fa)Pi Ai Er·Fu Lang KeZhu@g刘宏谊等译 |
| 210 | @a北京@c商务印书馆@d1981.10 | |
| 215 | @a164页@d20cm | |
| 300 | @a内部发行 | |
| 606 | 0 | @a国际共产主义运动 |
| 690 | @aD16@v3 | |
| 701 | 0 | @a皮埃尔·弗朗克@4著 |
| 702 | 0 | @a刘宏谊@ALiu Hong Yi@4译 |
| 801 | @aCN@bTSTC@c20030306 | |
| 905 | @f1@b64237@dD16@e2 | |
| 第四国际/(法)皮埃尔·弗朗克著/刘宏谊等译.-北京:商务印书馆,1981.10 |
| 164页;20cm |
| 内部发行 |
| ISBN :CNY0.70 |
| ● |
| 相关链接 |
|
|
|
|
正题名:第四国际
索取号:D16/2
 
预约/预借
| 序号 | 登录号 | 条形码 | 馆藏地/架位号 | 状态 | 备注 |
| 1 | 0064237 | 001759779 | 密集书库/ [索取号:D16/2] | 在馆 |